The consultant's calling : Bringing who you are to what you do

Bibliographic Details
Main Author: Bellman, Geoffrey M.
Format: Book
Published: San Francisco : Jossey-Bass , c2002
Subjects:

MARC

LEADER 00000cam a2200000 7i4500
001 0000010762
005 20050429.0
020 |a 0787958476 
040 |a INS 
090 0 0 |a HD69.C6   |b B45 2002 
100 1 |a Bellman, Geoffrey M. 
245 1 4 |a The consultant's calling :   |b Bringing who you are to what you do   |c Geoffrey M. Bellman 
260 |a San Francisco :   |b Jossey-Bass ,   |c c2002 
300 |a xxix, 244p. ;   |c 23 cm. 
504 |a Includes bibliographical references (p. 234 - 236) and index 
650 0 0 |a Business consultants 
650 0 0 |a Consultants 
999 |a 0000012725   |b BOOK   |c Open Shelf   |e Default branch